|
|
|
|
| LEADER |
00000naa2a2200000 4500 |
| 001 |
617630 |
| 005 |
20240221132839.0 |
| 035 |
|
|
|a (RuTPU)RU\TPU\conf\15943
|
| 035 |
|
|
|a RU\TPU\conf\15942
|
| 090 |
|
|
|a 617630
|
| 100 |
|
|
|a 20160317d2016 k y0rusy50 ca
|
| 101 |
0 |
|
|a rus
|
| 102 |
|
|
|a RU
|
| 105 |
|
|
|a y z 101zy
|
| 135 |
|
|
|a drcn ---uucaa
|
| 181 |
|
0 |
|a i
|
| 182 |
|
0 |
|a b
|
| 200 |
1 |
|
|a Алгоритм формирования альтернатив при планировании геолого-технических мероприятий
|f А. О. Савельев
|
| 203 |
|
|
|a Текст
|c электронный
|
| 225 |
1 |
|
|a Автоматизация и управление в технических системах
|
| 300 |
|
|
|a Заглавие с титульного экрана
|
| 320 |
|
|
|a [Библиогр.: с. 305 (4 назв.)]
|
| 337 |
|
|
|a Adobe Reader
|
| 461 |
|
1 |
|0 (RuTPU)RU\TPU\conf\15701
|t Молодежь и современные информационные технологии
|o сборник трудов XIII Международной научно-практической конференции студентов, аспирантов и молодых ученых, г. Томск, 9-13 ноября 2015 г.
|o в 2 т.
|f Национальный исследовательский Томский политехнический университет (ТПУ), Институт кибернетики (ИК) ; под ред. Т. Е. Мамоновой [и др.]
|d 2016
|
| 463 |
|
0 |
|0 (RuTPU)RU\TPU\conf\15703
|t Т. 1
|v [С. 304-305]
|d 2016
|
| 610 |
1 |
|
|a труды учёных ТПУ
|
| 610 |
1 |
|
|a электронный ресурс
|
| 610 |
1 |
|
|a геолого-технические мероприятия
|
| 610 |
1 |
|
|a эксплуатация
|
| 610 |
1 |
|
|a нефтяные скважины
|
| 610 |
1 |
|
|a программно-алгоритмические средства
|
| 610 |
1 |
|
|a UML-диаграммы
|
| 700 |
|
1 |
|a Савельев
|b А. О.
|c специалист в области информатики и вычислительной техники
|c доцент Томского политехнического университета, кандидат технических наук
|f 1987-
|g Алексей Олегович
|y Томск
|3 (RuTPU)RU\TPU\pers\30546
|9 14842
|
| 712 |
0 |
2 |
|a Национальный исследовательский Томский политехнический университет (ТПУ)
|b Институт кибернетики (ИК)
|b Кафедра оптимизации систем управления (ОСУ)
|3 (RuTPU)RU\TPU\col\18702
|
| 801 |
|
2 |
|a RU
|b 63413507
|c 20160404
|g RCR
|
| 856 |
4 |
|
|u http://earchive.tpu.ru/handle/11683/16944
|
| 942 |
|
|
|c BK
|